000 00833nam a2200229 a 4500
008
020 _a0750622962 (pbk.)
049 _aMAIN
090 _aTL272
245 0 0 _aAuto electronics projects :
_ban introduction to your car electrics with useful and proven self-build projects.
260 _aOxford :
_bNewnes,
_cc1995.
300 _avii, 186 p. :
_bill. ;
_c22 cm.
440 4 _aThe Maplin series.
500 _a"Collection of articles and projects previously published in Electronics--the Maplin magazine"--Pref.
650 0 _aAutomobiles
_xElectronic equipment
_xDesign and construction
_vAmateurs' manuals.
710 2 _aMaplin Electronics.
907 _a.b1006316x
_b20-04-04
_c17-04-03
003
005 20230123133547.0
040 _cNUST
942 _cBOOKS
_kTL272
999 _c150718
_d150718